[Event "Vaujany 2019 Accession"]
[Site "Vaujany"]
[Date "2019.07.13"]
[Round "3.11"]
[White "Gipouloux, Laurent"]
[Black "Lees, Jean Pierre"]
[Result "1/2-1/2"]
[WhiteElo "1624"]
[BlackElo "1710"]
[PlyCount "86"]
[EventDate "2019.07.??"]
[EventType "swiss"]
[EventRounds "9"]
[EventCountry "FRA"]

1. e4 e6 2. Qe2 c5 3. g3 Nc6 4. Nf3 b6 (4... g6) 5. Bg2 Bb7 6. O-O d6 7. Rd1
Nf6 8. d4 cxd4 9. Nxd4 Nxd4 10. Rxd4 Qc7 11. Nc3 Rc8 12. Bg5 Be7 13. Be3 O-O
14. Rad1 Rfd8 15. R1d2 Ne8 16. Nb5 Qb8 17. c4 e5 18. R4d3 Rxc4 19. Rc3 Rxc3 20.
Nxc3 Nf6 21. Qd1 Qc8 22. h3 Bc6 23. Kh2 Qb7 (23... Qa8) 24. f3 h6 25. a3 Qa8
26. b4 d5 27. exd5 Bxd5 (27... Nxd5 $142 28. f4 (28. Nxd5 Bxd5 29. f4 Bxg2 30.
Rxd8+ Qxd8 31. Qxd8+ Bxd8 32. Kxg2) 28... Nxc3 29. Qc2 (29. Bxc6 Nxd1 30. Bxa8
Nxe3) 29... Bxg2) 28. Nxd5 Rxd5 29. Rxd5 Qxd5 30. Qc2 (30. Qxd5 Nxd5) 30... Qd7
31. f4 Bd6 32. fxe5 Bxe5 33. Qe2 Qc7 34. Bf2 Qc3 35. a4 Bd4 36. Be1 Qe3 37.
Qxe3 Bxe3 38. a5 bxa5 39. bxa5 Bd4 40. Bf3 Nd7 41. Kg2 Kf8 42. Bb4+ Bc5 43. Bc3
f6 1/2-1/2

[Event "Vaujany 2019 Accession"]
[Site "Vaujany"]
[Date "2019.07.14"]
[Round "4.2"]
[White "Deneyer, Frank"]
[Black "Masalles, Gabriel"]
[Result "1/2-1/2"]
[WhiteElo "1870"]
[BlackElo "1597"]
[PlyCount "115"]
[EventDate "2019.07.??"]
[EventType "swiss"]
[EventRounds "9"]
[EventCountry "FRA"]

1. e4 Nc6 2. Nf3 Nf6 3. e5 Nd5 4. c4 Nb6 5. d4 d6 6. exd6 exd6 7. h3 Bf5 8. Bd3
Bxd3 9. Qxd3 Be7 10. O-O O-O 11. a3 a5 12. b3 Bf6 13. Nc3 Ne7 14. g4 g6 15. Bh6
Bg7 16. Bxg7 Kxg7 17. d5 h6 18. Ne4 Ng8 19. h4 Kh7 20. g5 h5 21. Ng3 Kh8 22.
Rfe1 Re8 23. Rxe8 Qxe8 24. Re1 Qd7 25. Kg2 Re8 26. Rxe8 Qxe8 27. Qc3+ Kh7 28.
Qxa5 Ne7 29. Qc3 Qd7 30. Qd3 Qg4 31. Qe4 Qxe4 32. Nxe4 Kg7 33. Nd4 Nd7 34. f4
Kf8 35. Kf3 Ke8 36. b4 Nb6 37. Nd2 Na4 38. Ke3 Kd7 39. Kd3 Nb6 40. Ne4 c6 41.
dxc6+ bxc6 42. c5 dxc5 43. Nxc5+ Kd6 44. Ne4+ Kd5 45. Nf6+ Kd6 46. Ke4 c5 47.
bxc5+ Kxc5 48. Nf3 Nc4 49. Nd7+ Kb5 50. Nd4+ Ka4 51. Nc5+ Kxa3 52. Nd3 Ka4 53.
Nc1 Ka5 54. Nce2 Kb6 55. Ng3 Kc5 56. Nb3+ Kd6 57. Kd4 Nb6 58. Nc5 1/2-1/2

[Event "Vaujany 2019 Accession"]
[Site "Vaujany"]
[Date "2019.07.14"]
[Round "4.4"]
[White "Milojevic-Daim"]
[Black "Bosc"]
[Result "0-1"]
[WhiteElo "1642"]
[BlackElo "1861"]
[PlyCount "70"]
[EventDate "2019.07.??"]
[EventType "swiss"]
[EventRounds "9"]
[EventCountry "FRA"]

1. e4 c5 2. d3 Nc6 3. g3 Nf6 4. Bg2 d5 5. Nd2 g6 6. h3 Bg7 7. f4 e6 8. Ngf3 Nh5
9. Nf1 dxe4 10. dxe4 Qxd1+ 11. Kxd1 e5 12. f5 Nf6 13. fxg6 hxg6 14. N1d2 Nh5
15. Nf1 b6 16. c3 Ba6 17. N3d2 O-O-O 18. Bf3 Kc7 19. Bxh5 Rxh5 20. Ne3 Bd3 21.
Ke1 Ne7 22. Kf2 f5 23. g4 Rh7 24. gxf5 gxf5 25. exf5 Nxf5 26. Nf3 Rh5 27. Rg1
Bf6 28. Ng4 Rf8 29. Nxf6 Rxf6 30. Bg5 Rf8 31. Rad1 e4 32. h4 Nxh4 33. Bxh4
Rxf3+ 34. Ke1 Rxh4 35. Rg7+ Kd6 0-1

[Event "Vaujany 2019 Accession"]
[Site "Vaujany"]
[Date "2019.07.14"]
[Round "4.5"]
[White "Stoll, Lucia"]
[Black "Thoue, Jean-Claude"]
[Result "1/2-1/2"]
[WhiteElo "1403"]
[BlackElo "1721"]
[PlyCount "72"]
[EventDate "2019.07.??"]
[EventType "swiss"]
[EventRounds "9"]
[EventCountry "FRA"]

1. e4 c5 2. Nf3 d6 3. Bb5+ Bd7 4. Bxd7+ Qxd7 5. O-O Nf6 6. Re1 e6 7. c3 Be7 8.
d4 cxd4 9. cxd4 d5 10. e5 Ne4 11. Nbd2 Nxd2 12. Bxd2 O-O 13. Rc1 Nc6 14. a3
Rac8 15. Rc3 f6 16. Rd3 fxe5 17. Nxe5 Nxe5 18. Rxe5 Bd6 19. Re1 Qf7 20. Rf3 Qg6
21. Rfe3 Rf6 22. Bc3 Rcf8 23. Qe2 Bxh2+ 24. Kf1 Rxf2+ 25. Qxf2 Rxf2+ 26. Kxf2
Bf4 27. Rf3 Bd6 28. Kg1 Qh6 29. Rh3 Qf6 30. Rhe3 Qh4 31. Rh3 Qf6 32. Rc1 Qf4
33. Rf1 Qg5 34. Rhf3 h6 35. Re1 Qg6 36. Rfe3 Qh5 1/2-1/2

[Event "Vaujany 2019 Accession"]
[Site "Vaujany"]
[Date "2019.07.14"]
[Round "4.6"]
[White "Beurois, Alexandre"]
[Black "Phelan, Leo"]
[Result "0-1"]
[WhiteElo "1701"]
[BlackElo "1780"]
[PlyCount "92"]
[EventDate "2019.07.??"]
[EventType "swiss"]
[EventRounds "9"]
[EventCountry "FRA"]

1. d4 Nf6 2. c4 d6 3. f3 Nbd7 4. e4 c5 5. d5 g6 6. Nc3 Bg7 7. Be3 O-O 8. Qd2 a6
9. Bd3 Rb8 10. Nge2 Ne5 11. a4 Nfd7 12. f4 Ng4 13. h3 Nxe3 14. Qxe3 Re8 15. g4
e6 16. Qf2 exd5 17. cxd5 Qa5 18. O-O Qb4 19. Qf3 c4 20. Bc2 b5 21. axb5 axb5
22. Ra2 Qc5+ 23. Kg2 b4 24. Na4 Qa7 25. b3 Nc5 26. e5 cxb3 27. Bxb3 Nxb3 28.
Qxb3 dxe5 29. f5 Bb7 30. Kh2 Ba6 31. Nc5 Qxc5 32. Rxa6 Qb5 33. Ra2 Qb6 34. Ng3
e4 35. fxg6 hxg6 36. d6 Rb7 37. Raf2 Qa7 38. h4 Be5 39. h5 Qa3 40. Qxa3 bxa3
41. Kg2 Bxd6 42. hxg6 fxg6 43. Rf6 Bxg3 44. Kxg3 Kg7 45. Ra6 Rb3+ 46. Kf4 Rf8+
0-1

[Event "Vaujany 2019 Accession"]
[Site "Vaujany"]
[Date "2019.07.14"]
[Round "4.7"]
[White "Trevisiol, Thierry"]
[Black "Van Foreest, Nanne"]
[Result "1/2-1/2"]
[WhiteElo "1660"]
[BlackElo "1788"]
[PlyCount "111"]
[EventDate "2019.07.??"]
[EventType "swiss"]
[EventRounds "9"]
[EventCountry "FRA"]

1. b4 Nf6 2. Bb2 e6 3. a3 d5 4. e3 Be7 5. c4 a5 6. b5 c5 7. Nf3 O-O 8. d3 b6 9.
Nbd2 Bb7 10. g3 Nbd7 11. Bg2 Qc7 12. O-O Rad8 13. Rc1 Qb8 14. Rc2 Rfe8 15. Qa1
Nf8 16. Rfc1 dxc4 17. d4 cxd4 18. Bxd4 c3 19. Qxc3 Nd5 20. Qb3 Bf6 21. Bxf6
Nxf6 22. Nc4 Be4 23. Rd2 Qb7 24. Qd1 Rxd2 25. Ncxd2 Rd8 26. Qf1 Bd3 27. Nd4
Bxf1 28. Bxb7 Bxb5 29. Ne4 Nxe4 30. Bxe4 Ba4 31. Rc4 b5 32. Rc7 Rd7 33. Rc8 e5
34. Bc6 Rd6 35. Nxb5 Rxc6 36. Rxc6 Bxb5 37. Rc5 Bd3 38. Rxa5 f6 39. f3 e4 40.
Kf2 Ne6 41. Ra7 f5 42. f4 h6 43. a4 Kh7 44. a5 Nc5 45. Re7 Kg6 46. Re5 Na6 47.
Re6+ Kf7 48. Re5 Kf6 49. Ke1 Nb4 50. Kd2 g5 51. Rc5 Kg6 52. Kc3 Na6 53. Re5 Nb8
54. Re8 Na6 55. Re5 Kf6 56. Re8 1/2-1/2

[Event "Vaujany 2019 Accession"]
[Site "Vaujany"]
[Date "2019.07.14"]
[Round "4.8"]
[White "Bartels, Marco"]
[Black "Salvi, Michel"]
[Result "1-0"]
[WhiteElo "1755"]
[BlackElo "1661"]
[PlyCount "47"]
[EventDate "2019.07.??"]
[EventType "swiss"]
[EventRounds "9"]
[EventCountry "FRA"]

1. Nc3 d5 2. e3 Nf6 3. f4 Bg4 4. Nf3 c5 5. Be2 Bxf3 6. Bxf3 Nc6 7. d3 e6 8. O-O
a6 9. a4 Be7 10. e4 Nd4 11. Kh1 Nxf3 12. Qxf3 dxe4 13. Nxe4 Rb8 14. b3 O-O 15.
Bb2 b5 16. f5 c4 17. fxe6 fxe6 18. Qg3 cxb3 19. Nxf6+ Bxf6 20. Bxf6 Rxf6 21.
Rxf6 b2 22. Raf1 bxa4 23. Rf7 g6 24. Qe5 1-0

[Event "Vaujany 2019 Accession"]
[Site "Vaujany"]
[Date "2019.07.14"]
[Round "4.9"]
[White "Hebrard, Emmanuel"]
[Black "Breuil, Tristan"]
[Result "1-0"]
[WhiteElo "1745"]
[BlackElo "1650"]
[PlyCount "65"]
[EventDate "2019.07.??"]
[EventType "swiss"]
[EventRounds "9"]
[EventCountry "FRA"]

1. d4 Nf6 2. c4 e6 3. Nc3 Bb4 4. Nf3 c5 5. e3 d5 6. Be2 Nc6 7. O-O O-O 8. a3
Ba5 9. Na4 cxd4 10. Nxd4 Nxd4 11. Qxd4 Bc7 12. Rd1 Qd7 13. b3 Rd8 14. Bb2 e5
15. Qh4 Qe7 16. cxd5 Bf5 17. Rac1 Bd6 18. b4 Nxd5 19. Qxe7 Nxe7 20. Rd2 Rd7 21.
Rcd1 Rad8 22. Bb5 Nc6 23. Rc1 e4 24. Rdc2 Bb8 25. Nc5 Rd1+ 26. Rxd1 Rxd1+ 27.
Bf1 Be5 28. b5 Bxb2 29. bxc6 Bxa3 30. cxb7 Rd8 31. Na6 Bd6 32. Rd2 Rd7 33. Rxd6
1-0

[Event "Vaujany 2019 Accession"]
[Site "Vaujany"]
[Date "2019.07.14"]
[Round "4.10"]
[White "Lees, Jean Pierre"]
[Black "Lorenter, Patrick"]
[Result "1-0"]
[WhiteElo "1710"]
[BlackElo "1582"]
[PlyCount "67"]
[EventDate "2019.07.??"]
[EventType "swiss"]
[EventRounds "9"]
[EventCountry "FRA"]

1. d4 d6 2. c4 Nf6 3. Nc3 g6 4. e4 Bg7 5. Be2 O-O 6. Bg5 h6 7. Be3 e5 8. Qd2 (
8. d5 Nbd7 (8... a5 9. Qd2 (9. g4)) (8... c6 9. Qd2 (9. h4) (9. g4)) 9. Qd2)
8... Kh7 9. f3 a5 10. g4 exd4 11. Bxd4 Ne8 12. h4 Bxd4 13. Qxd4 Qf6 14. Qe3 Nc6
15. O-O-O Kg7 16. g5 hxg5 17. hxg5 Qd8 18. Nd5 Rh8 19. Rxh8 Kxh8 20. f4 Nb4 21.
Nc3 Be6 22. Nf3 Bg4 23. Ne5 Be6 24. Ng4 Bxg4 25. Bxg4 Kg7 26. a3 Nc6 27. Qh3 {
abandon} f6 28. Rh1 Kf7 29. Qh7+ (29. Be6+ Kf8 30. Qh8+) 29... Ng7 30. Rh6 Ne7
31. Nd5 Nxd5 (31... Qg8 32. Nxc7 Qxh7 33. Rxh7 Rc8 34. Be6+ Kf8 35. Rh8+ Ng8
36. Rxg8+ Ke7 37. Rxg7+ Kf8 38. Rg8+ Ke7 39. Rxc8) 32. Qxg6+ Kf8 33. Rh8+ Ke7
34. Qxg7# 1-0

[Event "Vaujany 2019 Accession"]
[Site "Vaujany"]
[Date "2019.07.14"]
[Round "4.11"]
[White "Detraz, Samuel"]
[Black "Josse, Mathilde"]
[Result "1-0"]
[WhiteElo "1428"]
[BlackElo "1696"]
[PlyCount "71"]
[EventDate "2019.07.??"]
[EventType "swiss"]
[EventRounds "9"]
[EventCountry "FRA"]

1. d4 Nf6 2. c4 g6 3. Nc3 d5 4. cxd5 Nxd5 5. e4 Nxc3 6. bxc3 Bg7 7. Bc4 c5 8.
Be3 Nc6 9. Ne2 O-O 10. O-O cxd4 11. cxd4 b6 12. Qd2 Bb7 13. Rad1 Rc8 14. Rc1
Qd7 15. Rfd1 a6 16. f3 b5 17. Bd5 Rfd8 18. Rc2 e6 19. Bb3 Bf8 20. Bg5 Re8 21.
d5 exd5 22. Qxd5 Qc7 23. Bf4 Qb6+ 24. Kf1 Re7 25. Qg5 h6 26. Qxg6+ Kh8 27. Bxf7
Rxf7 28. Qxf7 Bg7 29. Rd7 Rg8 30. Rxb7 Qd8 31. Rd7 Qb6 32. Bxh6 Ne7 33. Bxg7+
Rxg7 34. Qh5+ Rh7 35. Rc8+ Nxc8 36. Qxh7# 1-0

[Event "Vaujany 2019 Accession"]
[Site "Vaujany"]
[Date "2019.07.14"]
[Round "4.12"]
[White "Trevisiol, Antoine"]
[Black "Gipouloux, Laurent"]
[Result "1-0"]
[WhiteElo "1687"]
[BlackElo "1624"]
[PlyCount "67"]
[EventDate "2019.07.??"]
[EventType "swiss"]
[EventRounds "9"]
[EventCountry "FRA"]

1. d4 d5 2. c4 dxc4 3. e4 e5 4. dxe5 Qxd1+ 5. Kxd1 Nc6 6. f4 Bg4+ 7. Nf3 Nd4 8.
Be2 Nxe2 9. Kxe2 f6 10. h3 Bd7 11. Nc3 O-O-O 12. Be3 Ne7 13. f5 fxe5 14. Nxe5
Be8 15. Nxc4 Nc6 16. Rhd1 a6 17. Rxd8+ Nxd8 18. Rd1 Bb4 19. Nd5 Bb5 20. Rc1 Bd6
21. Kf2 Bxc4 22. Rxc4 Nc6 23. Bf4 Ne5 24. Rc3 c6 25. Bg3 Kd7 26. Nb6+ Ke7 27.
Nc4 Nxc4 28. Rxc4 b6 29. Rxc6 Bc5+ 30. Kf3 Kd7 31. Rc7+ Kd8 32. Ra7 Re8 33.
Rxg7 Bd4 34. Rxh7 1-0

[Event "Vaujany 2019 Accession"]
[Site "Vaujany"]
[Date "2019.07.14"]
[Round "4.14"]
[White "Dreelinck, Adriaan"]
[Black "Thill-Solente, Morgane"]
[Result "1-0"]
[WhiteElo "1669"]
[BlackElo "1337"]
[PlyCount "87"]
[EventDate "2019.07.??"]
[EventType "swiss"]
[EventRounds "9"]
[EventCountry "FRA"]

1. d4 Nf6 2. Bg5 d5 3. Bxf6 exf6 4. e3 Nc6 5. c4 Bb4+ 6. Nc3 O-O 7. Nf3 dxc4 8.
Bxc4 Ne7 9. O-O c6 10. Qb3 Ba5 11. Rfd1 Qb6 12. Qc2 Qb4 13. Bd3 Ng6 14. a3 Qd6
15. b4 Bc7 16. Ne4 Qd5 17. Ng3 Bg4 18. Be4 Qd6 19. d5 cxd5 20. Bxd5 Qb6 21.
Rac1 Be5 22. Qe4 Bxf3 23. Qxf3 Rab8 24. Qe2 Rfd8 25. Rc5 Ne7 26. Rb5 Qc7 27.
Rc5 Qb6 28. Qc4 Nxd5 29. Rcxd5 Rxd5 30. Qxd5 g6 31. Ne4 Qe6 32. Qxe6 fxe6 33.
Nc5 Bb2 34. Rd3 e5 35. Kf1 e4 36. Nxe4 Rc8 37. g3 Rc1+ 38. Kg2 Ra1 39. Rd8+ Kf7
40. Rd7+ Ke6 41. Rxb7 Rxa3 42. Rxh7 Kd5 43. Nd2 Bc3 44. Nb1 1-0

[Event "Vaujany 2019 Accession"]
[Site "Vaujany"]
[Date "2019.07.14"]
[Round "4.15"]
[White "Dreelinck, Jacob"]
[Black "Prudent, Sylvio"]
[Result "1-0"]
[WhiteElo "1508"]
[BlackElo "1778"]
[PlyCount "76"]
[EventDate "2019.07.??"]
[EventType "swiss"]
[EventRounds "9"]
[EventCountry "FRA"]

1. d4 f5 2. Nc3 e6 3. e4 fxe4 4. Nxe4 Nf6 5. Bg5 Be7 6. Nxf6+ Bxf6 7. Bxf6 Qxf6
8. Bd3 Nc6 9. Nf3 d6 10. c3 Bd7 11. Qe2 O-O-O 12. b4 e5 13. dxe5 dxe5 14. O-O
Bg4 15. Be4 Kb8 16. Rfe1 Rde8 17. a4 Ne7 18. Qb5 Bc8 19. Qxe5 Qxe5 20. Nxe5 g6
21. Ra2 Nf5 22. Bxf5 Bxf5 23. Rae2 Kc8 24. g4 Bd7 25. Nxd7 Kxd7 26. Rxe8 Rxe8
27. Rxe8 Kxe8 28. Kg2 Ke7 29. Kf3 Kd6 30. Ke4 c6 31. h4 b6 32. h5 gxh5 33. gxh5
Ke6 34. f4 a6 35. f5+ Kf6 36. Kf4 c5 37. bxc5 b5 38. a5 b4 1-0

[Event "Vaujany 2019 Accession"]
[Site "Vaujany"]
[Date "2019.08.14"]
[Round "4.17"]
[White "Humbert, Patrick"]
[Black "Farkas, Otto"]
[Result "1-0"]
[WhiteElo "1486"]
[BlackElo "1674"]
[PlyCount "53"]
[EventDate "2019.07.??"]
[EventType "swiss"]
[EventRounds "9"]
[EventCountry "FRA"]

1. d4 d5 2. Nf3 Nf6 3. Bf4 c5 4. c3 e6 5. e3 Nc6 6. Bd3 h6 7. h3 Bd7 8. Nbd2 c4
9. Bc2 b5 10. a3 a5 11. Ne5 Be7 12. O-O O-O 13. g4 Nxe5 14. Bxe5 Nh7 15. e4 Bh4
16. Bg3 f5 17. exf5 exf5 18. gxf5 Qg5 19. Nf3 Qf6 20. Nxh4 Ng5 21. Qg4 Rac8 22.
Be5 Qf7 23. Rae1 Nh7 24. Ng6 Bxf5 25. Bxf5 Qxf5 26. Nxf8 Qxg4+ 27. hxg4 1-0

[Event "Vaujany 2019 Accession"]
[Site "Vaujany"]
[Date "2019.07.14"]
[Round "4.18"]
[White "Bressy, F."]
[Black "Mercier, P."]
[Result "1-0"]
[WhiteElo "1600"]
[BlackElo "1432"]
[PlyCount "73"]
[EventDate "2019.07.??"]
[EventType "swiss"]
[EventRounds "9"]
[EventCountry "FRA"]

1. e4 c5 2. Nf3 d6 3. Bb5+ Bd7 4. c4 a6 5. Bxd7+ Qxd7 6. d4 cxd4 7. Nxd4 g6 8.
O-O Bg7 9. Nc3 Nc6 10. Be3 Nf6 11. f3 O-O 12. Qd2 Rfc8 13. b3 Rab8 14. Rac1 Qe8
15. Rfe1 Nd7 16. Nxc6 bxc6 17. Ne2 Qd8 18. Rcd1 Qc7 19. Bg5 f6 20. Bh6 Rb7 21.
Kh1 Rcb8 22. Nd4 Nf8 23. Bxg7 Kxg7 24. f4 a5 25. h4 e5 26. Nf3 exf4 27. Qxd6
Qxd6 28. Rxd6 Rc8 29. Nd4 Rbc7 30. e5 f5 31. e6 Re7 32. Nxc6 Rxc6 33. Rxc6 Kf6
34. Ra6 h6 35. Rxa5 g5 36. hxg5+ hxg5 37. Ree5 1-0

[Event "Vaujany 2019 Accession"]
[Site "Vaujany"]
[Date "2019.07.14"]
[Round "4.20"]
[White "Sesia, Noha"]
[Black "Bordet, Jacky"]
[Result "1-0"]
[WhiteElo "1852"]
[BlackElo "1418"]
[PlyCount "55"]
[EventDate "2019.07.??"]
[EventType "swiss"]
[EventRounds "9"]
[EventCountry "FRA"]

1. d4 Nf6 2. Bf4 g6 3. e3 Bg7 4. Be2 d5 5. Nd2 O-O 6. h3 Nbd7 7. Ngf3 b6 8. O-O
c5 9. c3 Bb7 10. a4 a6 11. Qb3 Bc6 12. Rfd1 e6 13. Ne5 Nxe5 14. Bxe5 c4 15. Qc2
Qe7 16. Bf3 Rad8 17. Nxc4 dxc4 18. Bxc6 Nd7 19. Bg3 Nb8 20. Bf3 Rd7 21. Qe2 b5
22. axb5 axb5 23. Ra8 Rdd8 24. Rda1 Nd7 25. R8a7 Qf6 26. Bc7 Rc8 27. Bd6 Rfe8
28. Rxd7 1-0

[Event "Vaujany 2019 Accession"]
[Site "Vaujany"]
[Date "2019.07.14"]
[Round "4.22"]
[White "Orihel, Ethan"]
[Black "Huchler, Stephan"]
[Result "1-0"]
[WhiteElo "1680"]
[BlackElo "1473"]
[PlyCount "105"]
[EventDate "2019.07.??"]
[EventType "swiss"]
[EventRounds "9"]
[EventCountry "FRA"]

1. e4 c6 2. d4 d5 3. Nd2 dxe4 4. Nxe4 Bf5 5. Ng3 Bg6 6. h4 h6 7. Nf3 e6 8. h5
Bh7 9. Bd3 Bxd3 10. Qxd3 Nf6 11. Bd2 Bd6 12. O-O-O Qc7 13. Ne4 Nxe4 14. Qxe4
Nd7 15. Qe2 O-O-O 16. Kb1 Qb6 17. Ne5 Nxe5 18. dxe5 Ba3 19. Bc3 Bc5 20. f3 Rhe8
21. Qc4 Be7 22. Qa4 Rxd1+ 23. Rxd1 Rd8 24. Rxd8+ Bxd8 25. a3 Qg1+ 26. Ka2 Bb6
27. Qg4 Qc5 28. Qb4 Qd5+ 29. Qb3 Qc5 30. Qb4 Qd5+ 31. b3 Qc5 32. Qxc5 Bxc5 33.
b4 Be7 34. Kb3 Kc7 35. a4 a6 36. Bd4 b6 37. Kc4 b5+ 38. axb5 axb5+ 39. Kb3 Bf8
40. Bc5 Bxc5 41. bxc5 Kd7 42. Kb4 Kc7 43. Ka3 Kb7 44. Kb4 Kc7 45. Ka5 Kb7 46.
c3 Kc7 47. Ka6 f6 48. f4 fxe5 49. fxe5 Kc8 50. Kb6 Kd7 51. Kb7 Ke7 52. Kxc6 Kf7
53. Kd7 1-0

[Event "Vaujany 2019 Accession"]
[Site "Vaujany"]
[Date "2019.07.14"]
[Round "4.23"]
[White "Drevet, Florian"]
[Black "Stephan, Margaux"]
[Result "1-0"]
[WhiteElo "1595"]
[BlackElo "1397"]
[PlyCount "71"]
[EventDate "2019.07.??"]
[EventType "swiss"]
[EventRounds "9"]
[EventCountry "FRA"]

1. d4 Nf6 2. c4 c5 3. d5 e5 4. dxe6 fxe6 5. Nf3 b6 6. Nc3 Bb7 7. g3 Be7 8. Bg2
O-O 9. O-O Re8 10. Qc2 Nc6 11. Rd1 Rf8 12. e4 Nb4 13. Qb1 Qe8 14. a3 Nc6 15. e5
Ng4 16. h3 Qf7 17. Qc2 Nh6 18. Rxd7 Rab8 19. Ng5 Qf5 20. Be4 Qxe5 21. Nxe6 Kh8
22. Nxf8 Bxf8 23. Bf4 Qe6 24. Bxb8 Qxd7 25. Bf4 Qxh3 26. Bg2 Qh5 27. Bxh6 Qxh6
28. Qf5 Be7 29. Qd7 Bf8 30. Qxb7 Ne5 31. Qb8 Ng6 32. Nd5 Kg8 33. Nc7 Ne7 34.
Re1 Qd6 35. Na6 Qf6 36. Qxa7 1-0

[Event "Vaujany 2019 Accession"]
[Site "Vaujany"]
[Date "2019.07.14"]
[Round "4.28"]
[White "Famel, Diane"]
[Black "De Braeckleer, Frederic"]
[Result "1-0"]
[WhiteElo "1310"]
[BlackElo "1497"]
[PlyCount "109"]
[EventDate "2019.07.??"]
[EventType "swiss"]
[EventRounds "9"]
[EventCountry "FRA"]

1. e4 c5 2. d4 cxd4 3. c3 d3 4. Bxd3 Nc6 5. Nf3 d6 6. O-O e6 7. Bf4 Ne5 8. Nxe5
dxe5 9. Bxe5 Bd7 10. Qb3 Bc6 11. Bb5 Qc8 12. Rd1 a6 13. Bxc6+ Qxc6 14. Qc2 f6
15. Bg3 Bc5 16. Qd3 Ne7 17. b4 Bb6 18. a4 Rd8 19. Qe2 Rxd1+ 20. Qxd1 Qxe4 21.
Nd2 Qc6 22. a5 Bc7 23. Qf3 Qxf3 24. Nxf3 Bxg3 25. hxg3 Nd5 26. Rc1 Ke7 27. Nd2
Rc8 28. Ne4 Rc7 29. Nc5 e5 30. Kf1 f5 31. Ke2 g5 32. f3 g4 33. fxg4 fxg4 34.
Kd3 Kd6 35. Rh1 Kc6 36. Rh6+ Kb5 37. Rd6 Rxc5 38. bxc5 Kxc5 39. Re6 e4+ 40.
Rxe4 Nf6 41. Rf4 Nd5 42. Rxg4 Nf6 43. Rg7 Kb5 44. Rxb7+ Kxa5 45. c4 Ka4 46. c5
a5 47. c6 Nd5 48. Kd4 Nb4 49. c7 Nc6+ 50. Kc5 Ne7 51. Kd6 Nc8+ 52. Kd7 Nb6+ 53.
Rxb6 Ka3 54. c8=Q a4 55. Qc3+ 1-0

[Event "Vaujany 2019 Accession"]
[Site "Vaujany"]
[Date "2019.07.14"]
[Round "4.31"]
[White "Gaudissard, Dominique"]
[Black "Garlopeau, Brigitte"]
[Result "0-1"]
[WhiteElo "1566"]
[BlackElo "1486"]
[PlyCount "124"]
[EventDate "2019.07.??"]
[EventType "swiss"]
[EventRounds "9"]
[EventCountry "FRA"]

1. e4 c6 2. d4 d5 3. Nc3 dxe4 4. Nxe4 Bf5 5. Ng3 Bg6 6. h4 h6 7. h5 Bh7 8. Nf3
e6 9. Bd3 Bxd3 10. Qxd3 Nd7 11. Bd2 Ngf6 12. O-O-O Be7 13. Qe2 Qc7 14. Ne5 c5
15. Bc3 O-O 16. Nxd7 Nxd7 17. d5 Bg5+ 18. Kb1 exd5 19. Rxd5 Nf6 20. Rf5 Rfe8
21. Qc4 b6 22. f4 Ng4 23. fxg5 Ne3 24. Qf4 Qxf4 25. Rxf4 hxg5 26. Rf2 Rad8 27.
Bd2 Ng4 28. Re2 Rxe2 29. Nxe2 Rxd2 30. Ng3 Rxg2 31. Nf5 Kf8 32. b3 Nf2 33. Rf1
g4 34. h6 gxh6 35. Nxh6 g3 36. Nf5 Ne4 37. Kb2 Rf2 38. Nxg3 Rxf1 39. Nxf1 Ke7
40. c4 f5 41. Kc2 Ke6 42. Kd3 Ke5 43. Nh2 Ng5 44. Nf1 f4 45. Nd2 f3 46. Ke3 a5
47. Nb1 f2 48. Kxf2 Kd4 49. Ke2 Ne4 50. Kd1 Nc3+ 51. Nxc3 Kxc3 52. Kc1 a4 53.
bxa4 Kxc4 54. Kc2 Kb4 55. Kd3 Ka5 56. Kc3 Kxa4 57. Kb2 Kb4 58. a3+ Kc4 59. Kc2
b5 60. Kb2 Kd3 61. Kc1 Kc3 62. Kb1 Kb3 0-1

[Event "Vaujany 2019 Accession"]
[Site "Vaujany"]
[Date "2019.07.14"]
[Round "4.32"]
[White "Breuil, Virgile"]
[Black "Wiot, Philippe"]
[Result "1-0"]
[WhiteElo "1358"]
[BlackElo "1503"]
[PlyCount "61"]
[EventDate "2019.07.??"]
[EventType "swiss"]
[EventRounds "9"]
[EventCountry "FRA"]

1. e4 e5 2. f4 d5 3. exd5 exf4 4. Nf3 Nf6 5. Bc4 Bd6 6. Nc3 O-O 7. O-O Bg4 8.
d4 Nbd7 9. h3 Bh5 10. Qe1 Bxf3 11. Rxf3 Re8 12. Qh4 Ne4 13. Qxd8 Raxd8 14. Bxf4
Ndf6 15. Bxd6 cxd6 16. Nxe4 Nxe4 17. Re3 f5 18. Rae1 Re7 19. g4 g6 20. gxf5
gxf5 21. Bd3 Rde8 22. Rf1 Rf8 23. Rf4 Rg7+ 24. Kh2 Rgf7 25. Bxe4 Re7 26. Rg3+
Kh8 27. Rxf5 Rxf5 28. Bxf5 Rf7 29. Be6 Rf8 30. Kg2 h6 31. Rf3 1-0

[Event "Vaujany 2019 Accession"]
[Site "Vaujany"]
[Date "2019.07.15"]
[Round "5.2"]
[White "Bosc, Gabriel"]
[Black "Masalles, Gabriel"]
[Result "1-0"]
[WhiteElo "1861"]
[BlackElo "1597"]
[PlyCount "143"]
[EventDate "2019.07.??"]
[EventType "swiss"]
[EventRounds "9"]
[EventCountry "FRA"]

1. f4 Nf6 2. b3 g6 3. Bb2 Bg7 4. Nf3 O-O 5. e3 c5 6. c4 b6 7. Be2 Bb7 8. O-O
Nc6 9. Na3 d5 10. cxd5 Nxd5 11. Bxg7 Kxg7 12. Nc4 Qc7 13. Qe1 e6 14. Qh4 Nf6
15. g4 h5 16. g5 Ne4 17. Rac1 Ne7 18. d3 Nf5 19. Qh3 Ned6 20. Nfe5 Nxc4 21.
Rxc4 Qe7 22. Kf2 Ba6 23. Rcc1 Rh8 24. Bf3 Bb7 25. Rc3 Rac8 26. Rfc1 Bxf3 27.
Qxf3 Rc7 28. b4 Rhc8 29. b5 Qe8 30. a4 a6 31. Nc4 Rb8 32. bxa6 Ra7 33. Qe4 Rxa6
34. Qe5+ Kg8 35. Nd2 Rba8 36. Ne4 Qb8 37. Nf6+ Kh8 38. Nd7+ Qxe5 39. Nxe5 Kg7
40. Nc4 Rb8 41. Ra3 Kf8 42. Kf3 Ke7 43. Ne5 Rc8 44. Rb3 Nd6 45. Rcb1 Rxa4 46.
Rxb6 Ra2 47. R6b2 Rca8 48. h3 Rxb2 49. Rxb2 Rc8 50. Ra2 Rc7 51. Rc2 Rc8 52. Ra2
Rc7 53. Nc4 Nxc4 54. dxc4 Kd6 55. Ke4 Rc6 56. Rd2+ Ke7 57. Ke5 Rb6 58. Ra2 Rc6
59. Ra7+ Ke8 60. Ra5 Ke7 61. e4 Rd6 62. Rxc5 Rd3 63. Rc7+ Ke8 64. Kf6 Rxh3 65.
Rxf7 Rc3 66. Re7+ Kf8 67. Rxe6 h4 68. Kxg6 h3 69. Kf5 Rxc4 70. Rh6 Rc3 71. e5
Rf3 72. Kg4 1-0

[Event "Vaujany 2019 Accession"]
[Site "Vaujany"]
[Date "2019.07.15"]
[Round "5.3"]
[White "Fahys, Bertrand"]
[Black "Lees, Jean Pierre"]
[Result "1/2-1/2"]
[WhiteElo "1888"]
[BlackElo "1710"]
[PlyCount "94"]
[EventDate "2019.07.??"]
[EventType "swiss"]
[EventRounds "9"]
[EventCountry "FRA"]

1. d4 Nf6 2. c4 e6 3. Nf3 b6 4. g3 Ba6 5. Qc2 c5 6. Bg2 Nc6 7. dxc5 Bxc5 8. O-O
O-O 9. a3 Bb7 10. b4 Be7 11. e4 d6 (11... Qc7 12. Bb2 d6 13. Nc3 Rac8 14. Rad1
a6 15. Qe2 Nb8 16. Nd2 Nbd7 17. f4 a5 18. Nb5 Qb8 19. g4 axb4 20. g5 Ne8 21.
axb4 Nc7 22. Bxg7 Kxg7 23. Qh5 Nxb5 24. f5 exf5 25. exf5 Bxg5 26. Rf3 Bxf3 27.
f6+ Bxf6 28. Bxf3 Nd4 29. Be4 Rg8 30. Kh1 Kf8 31. Bd5 Rg7 32. Rf1 Re8 33. Qh6
Re5 34. Ne4 Rxe4 35. Bxe4 Qe8 36. Bd5 b5 37. Ra1 Qe5 38. Qh3 bxc4 39. Bb7 {0-1
(39) Pomar Mir,F (2027)-Mascaro March,P (2353) Palma de Mallorca 2000}) 12. Bb2
Qc7 13. Nbd2 Rac8 14. Rac1 Rfd8 15. Nb3 Ne8 16. Qe2 Bf6 17. Bxf6 Nxf6 18. Rfd1
Qe7 19. Ne1 Ne5 20. f4 Ng6 21. e5 dxe5 22. fxe5 Rxd1 23. Rxd1 Ne8 24. c5 Bxg2
25. Nxg2 Qc7 26. cxb6 Qxb6+ 27. Kh1 Qb8 28. Re1 Nc7 29. Nd4 Nd5 30. Nb5 Nc3 31.
Nxc3 Rxc3 32. Qa6 Qa8 33. Kg1 Qb8 34. Qd6 Qxd6 35. exd6 Rd3 36. Rc1 Rxd6 37.
Rc8+ Nf8 38. b5 Rd1+ 39. Kf2 Ra1 40. Rc3 Rb1 41. Rc7 Rxb5 42. Rxa7 Rb2+ 43. Kf3
e5 44. g4 f6 45. h4 Ne6 46. Ne3 Nd4+ 47. Ke4 Nc6 1/2-1/2